000 00689nam a2200229Ia 4500
003 OSt
005 20251205114318.0
008 221004b |||||||| |||| 00| 0 eng d
020 _a0691028834
037 _cTB
040 _aCRL
_cCRL
_beng
041 _2eng
_aeng
084 _aP41 N6.1-.2
_qCL
100 _aChou, Chih-P'ing
_9613172
245 0 _aTrip to China:
_b Intermediate reader of modern Chinese 2V
260 _aNew Jersey, USA:
_bPrinceton University Press;
_c1996.
300 _a174p., 265p.
_ccm.
650 _a LINGUISTICS
_9854812
650 _aCHINESE LANGUAGE
_9224250
942 _hP41 N6.1-.2
_cTB
_2CC
_n0
999 _c992269
_d992269